Právna úprava úverových vzťahov socialistických organizácií v hospodárskom zákonníku hlavná úloha ŠPEV č. 909-003.02

Guardado en:
Detalles Bibliográficos
Autor principal: Husár, Juraj
Formato: Libro
Lenguaje:eslovaco
Publicado: Bratislava Ústav hospodárskeho práva 1983
Colección:Výskumná práca č. 104
Etiquetas: Agregar Etiqueta
Sin Etiquetas, Sea el primero en etiquetar este registro!

MARC

LEADER 00000nam a2200000 4500
001 c110015
005 20200722091421.2
041 0 |a slo 
044 |a SK 
245 1 0 |a Právna úprava úverových vzťahov socialistických organizácií v hospodárskom zákonníku  |b hlavná úloha ŠPEV č. 909-003.02  |c Juraj Husár 
264 1 |a Bratislava  |b Ústav hospodárskeho práva  |c 1983 
300 |a 147 s. 
490 1 |a Výskumná práca  |v č. 104 
830 0 |a Výskumná práca  |v č. 104 
100 1 |a Husár, Juraj